书目信息 |
| 题名: |
用商品期货与期权管理商品风险
|
|
| 作者: | 斯蒂芬斯 著 ;马小芳 译 | |
| 分册: | ||
| 出版信息: | 北京 中国人民大学出版社 2004 |
|
| 页数: | 278页 | |
| 开本: | 23cm | |
| 丛书名: | 金融学译丛 | |
| 单 册: | ||
| 中图分类: | F713.35 , F830.9 | |
| 科图分类: | ||
| 主题词: | 商品--期货交易--研究 , 期货交易 , 商品 , 金融 , 银行 | |
| 电子资源: | ||
| ISBN: | 7-300-06224-5 | |
| 000 | 01403nam0 2200349 450 | |
| 000 | 01360nam0 2200313 450 | |
| 000 | 01290nam0 2200289 450 | |
| 000 | 01254nam0 2200277 45 | |
| 005 | 20070725163822.78 | |
| 010 | @a7-300-06224-5@dCNY32.00 | |
| 100 | @a20070711d2004 em y0chiy0120 ea | |
| 101 | 1 | @achi@ceng |
| 102 | @aCN@b110000 | |
| 105 | @ay z 000yy | |
| 200 | 1 | @a用商品期货与期权管理商品风险@AYong Shang Pin Qi Huo Yu Qi Quan Guan Li Shang Pin Feng Xian@f(美)约翰·J.斯蒂芬斯(John J. Stephens)著@F( Mei ) Yue Han· J. Si Di Fen Si (John J. Stephens) Zhu@g马小芳等译 |
| 210 | @a北京@c中国人民大学出版社@d2004 | |
| 215 | @a278页@d23cm | |
| 225 | 2 | @a金融学译丛 |
| 330 | @a本书从商品风险、商品期货与管理功能一般性的概念描述开始,到商品市场与工具的分类及商品期货交易所的具体操作过程,又分别详细地从用户与生产者的角度来阐述如何运用商品期货和期权进行套期保值,帮助读者知晓如何利用商品期货和期权来管理并减少商品风险。 | |
| 410 | 0 | @12001 @a金融学译丛 |
| 510 | 1 | @aManaging Commodity Risk Using Commodity Futures and Options@zeng |
| 606 | 0 | @a商品@x期货交易@x研究 |
| 606 | 0 | @a期货交易 |
| 606 | 0 | @a商品 |
| 606 | 0 | @a金融 |
| 606 | 0 | @a银行 |
| 690 | @aF713.35@v4 | |
| 690 | @aF830.9@v3 | |
| 701 | 1 | @c(美)@a斯蒂芬斯@ASi Di Fen Si@g(Stephens, John J.)@4著 |
| 702 | 0 | @a马小芳@AMa Xiao Fang@c(金融)@4译 |
| 801 | 0 | @aCN@bTAOJIN@c20070725 |
| 905 | @a10447@dF830.9@e113 | |
| 用商品期货与期权管理商品风险/(美)约翰·J.斯蒂芬斯(John J. Stephens)著/马小芳等译.-北京:中国人民大学出版社,2004 |
| 278页;23cm.-(金融学译丛) |
| ISBN 7-300-06224-5:CNY32.00 |
| 本书从商品风险、商品期货与管理功能一般性的概念描述开始,到商品市场与工具的分类及商品期货交易所的具体操作过程,又分别详细地从用户与生产者的角度来阐述如何运用商品期货和期权进行套期保值,帮助读者知晓如何利用商品期货和期权来管理并减少商品风险。 |
| ● |
| 相关链接 |
|
|
|
|
正题名:用商品期货与期权管理商品风险
索取号:F830.9/113
 
预约/预借
| 序号 | 登录号 | 条形码 | 馆藏地/架位号 | 状态 | 备注 |
| 1 | 0826219 | 208262191 | 第一样本阅览室/ [索取号:F830.9/113] | 在馆 | |
| 2 | 0826220 | 208262208 | 密集书库/ [索取号:F830.9/113] | 在馆 | |
| 3 | 0826221 | 208262217 | 密集书库/ [索取号:F830.9/113] | 在馆 | |
| 4 | 0826222 | 208262226 | 密集书库/ [索取号:F830.9/113] | 在馆 | |
| 5 | 0826223 | 208262235 | 第一借阅区/ [索取号:F830.9/113] | 在馆 | |
| 6 | 0826224 | 208262244 | 第一借阅区/ [索取号:F830.9/113] | 在馆 | |
| 7 | 0826225 | 208262253 | 第一借阅区/ [索取号:F830.9/113] | 在馆 | |
| 8 | 0826226 | 208262262 | 第一借阅区/ [索取号:F830.9/113] | 在馆 |